1917 1746 1167 1520 1507 1553 1740 1750 1506 1371 1391 1196 1562 1404 1045 1874 1142 1904 1827 1153 1331 1408 1920 1250 1499 1848 1287 1397 1654 1014 1974 1662 1508 1425 1990 1668 1284 1391 1234 1629 1262 1623 1520 1398 1821 1873 1302 1911 1099 1144 1914 1409 1889 1401 1441 1855 1507 1253 1497 1200 1064 1112 1607 1176 1358 1796 1133 1469 1004 1144 1901 1149 1476 1434 1054 1291 1707 1485 1427 1021 1983 1056 1021 1137 1396 1472 1280 1705 1024 1730 1773 1197 1425 1795 1343 1637 1633 1441 1219 BCNSPRNW ULIB Ver.6.0+V

เปลี่ยนเป็นภาษาไทย

Change to English
 แสดงรายละเอียดบรรณานุกรม
  กลับหน้าหลัก

Brief Record : Get Marc (ISO 2709) : E-mail record : QR code < ปิดหน้าต่าง
LEADER : 00000nam 2200000uu 4500
001    13399125802
003     ULIB
008    170912s2559||||th 000 0 tha d
020    ^a9789747557565
060    ^aWY160 ส661ก ล.1
100    ^aสายฝน เอกวรางกูร
245    ^aการพยาบาลจิตเวชและสุขภาพจิต : ศาสตร์และศิลป์สู่การปฏิบัติ 1
250    ^aพิมพ์ครั้งที่ 3
260    ^aนครศรีธรรมราช :^bศูนย์หนังสือมหาวิทยาลัยวลัยลักษณ์,^c2559
300    ^a352 หน้า^bภาพประกอบ, ตาราง
650    ^aการพยาบาลจิตเวชศาสตร์
650    ^aสุขภาพจิต
945    ^p350^l0^i25468
945    ^p350^l0^i25469
945    ^p350^l0^i25470
945    ^p350^l0^i25471
945    ^p350^l0^i25472
945    ^p350^l0^i25473
945    ^p350^l0^i25474
945    ^p350^l0^i25475
945    ^p350^l0^i25476
945    ^p350^l0^i25477
999    ^aกัณชพร จุลอักษร
รายการนี้ยังไม่มีแท็ก
คุณยังไม่ได้ล็อกอิน คุณสามารถมีกิจกรรมร่วมกับเว็บไซต์ได้ แต่ต้องล็อกอินก่อน ::
  ล็อกอิน

รายการสื่อสารสนเทศ

ลำดับที่ ประเภท เลขเรียก/บาร์โค้ด สถานที่ สถานะ
1. หนังสือสำรอง
หนังสือสำรอง
WY160 ส661ก ล.1 ฉ.1 
  Barcode: 25468
ห้องสมุดวิทยาเขตนครสวรรค์
►หนังสือทั่วไป:l:General Books
บนชั้น
2. วิทยาศาสตร์การแพทย์ และสุขภาพ
วิทยาศาสตร์การแพทย์ และสุขภาพ
WY160 ส661ก ล.1 ฉ.10 
  Barcode: 25477
ห้องสมุดวิทยาเขตนครสวรรค์
►หนังสือทั่วไป:l:General Books
บนชั้น
3. วิทยาศาสตร์การแพทย์ และสุขภาพ
วิทยาศาสตร์การแพทย์ และสุขภาพ
WY160 ส661ก ล.1 ฉ.2 
  Barcode: 25469
ห้องสมุดวิทยาเขตนครสวรรค์
►หนังสือทั่วไป:l:General Books
บนชั้น
4. วิทยาศาสตร์การแพทย์ และสุขภาพ
วิทยาศาสตร์การแพทย์ และสุขภาพ
WY160 ส661ก ล.1 ฉ.3 
  Barcode: 25470
ห้องสมุดวิทยาเขตนครสวรรค์
►หนังสือทั่วไป:l:General Books
บนชั้น
5. วิทยาศาสตร์การแพทย์ และสุขภาพ
วิทยาศาสตร์การแพทย์ และสุขภาพ
WY160 ส661ก ล.1 ฉ.4 
  Barcode: 25471
ห้องสมุดวิทยาเขตนครสวรรค์
►หนังสือทั่วไป:l:General Books
บนชั้น
6. วิทยาศาสตร์การแพทย์ และสุขภาพ
วิทยาศาสตร์การแพทย์ และสุขภาพ
WY160 ส661ก ล.1 ฉ.5 
  Barcode: 25472
ห้องสมุดวิทยาเขตนครสวรรค์
►หนังสือทั่วไป:l:General Books
บนชั้น
7. วิทยาศาสตร์การแพทย์ และสุขภาพ
วิทยาศาสตร์การแพทย์ และสุขภาพ
WY160 ส661ก ล.1 ฉ.6 
  Barcode: 25473
ห้องสมุดวิทยาเขตนครสวรรค์
►หนังสือทั่วไป:l:General Books
บนชั้น
8. วิทยาศาสตร์การแพทย์ และสุขภาพ
วิทยาศาสตร์การแพทย์ และสุขภาพ
WY160 ส661ก ล.1 ฉ.7 
  Barcode: 25474
ห้องสมุดวิทยาเขตนครสวรรค์
►หนังสือทั่วไป:l:General Books
บนชั้น
9. วิทยาศาสตร์การแพทย์ และสุขภาพ
วิทยาศาสตร์การแพทย์ และสุขภาพ
WY160 ส661ก ล.1 ฉ.8 
  Barcode: 25475
ห้องสมุดวิทยาเขตนครสวรรค์
►หนังสือทั่วไป:l:General Books
บนชั้น
10. วิทยาศาสตร์การแพทย์ และสุขภาพ
วิทยาศาสตร์การแพทย์ และสุขภาพ
WY160 ส661ก ล.1 ฉ.9 
  Barcode: 25476
ห้องสมุดวิทยาเขตนครสวรรค์
►หนังสือทั่วไป:l:General Books
บนชั้น

รายการใกล้เคียง
    ชื่อเรื่อง [การพยาบาลจิตเวชและสุขภาพจิต : ศาสตร์และศิลป์สู่การปฏิบัติ 1]

    ผู้แต่ง [สายฝน เอกวรางกูร]

    หัวเรื่อง [การพยาบาลจิตเวชศาสตร์]
    หัวเรื่อง [สุขภาพจิต]

BibComment


ยังไม่เคยถูกคอมเมนท์

คอมเมนท์ทรัพยากรรายการนี้
  คอมเมนท์: การพยาบาลจิตเวชแ..


 Copyright 2026. Bcnsprnw @Library